| 000 | 00442nam a2200157Ia 4500 | ||
|---|---|---|---|
| 005 | 20250424120239.0 | ||
| 008 | 250424s9999 xx 000 0 und d | ||
| 022 | _a97941323 | ||
| 050 | _aHD 70.N43 .H49/ | ||
| 245 | 0 | _aHezekiah university journal of management and social sciences | |
| 260 | _aIkwerre, Nigeria | ||
| 260 | _c2016 | ||
| 300 | _av, 338 p. :ill. ; 27 cm. | ||
| 650 | _aManagement--Nigeria--Periodicals. | ||
| 942 | _cSR | ||
| 999 |
_c38229 _d38229 |
||